| 000 | 00806cam a22002171 4500 | ||
|---|---|---|---|
| 001 | ne 64003200 | ||
| 003 | DLC | ||
| 005 | 20260227111807.0 | ||
| 008 | 810828m19639999sy ac b 000 0 arar | ||
| 010 | _ane 64003200 | ||
| 035 | _a(OCoLC)7710329 | ||
| 040 |
_aDLC _cTU _dTU _dDLC |
||
| 050 | 0 | 0 |
_aDS99.M2 _bJ8 |
| 100 | 1 | _aJundī, Muḥammad Salīm. | |
| 245 | 1 | 0 |
_aTārīkh Maʻarrat al-Nuʻmān, _c[taʼlīf] Muḥammad Salīm al-Jundī. Haqqaqahu waʻallaqa alayh wa-wa-ḍaʻa fahārisahū ʻOmar Riḍa Kaḥalah. |
| 260 |
_aDimashq [Syria] _bWazarat al-thaqafah wa-al-Irshad al-Qawmī, Mudīrīyat al-taʼlīf wa-al-tarjamah. _c1963- |
||
| 300 |
_av. _billus., port. _c26 cm. |
||
| 440 | 0 |
_aSilsilat bilādinā, _v4 |
|
| 504 | _aBibliographical footnotes. | ||
| 651 | 0 | _aMaʻarrat al-Nuʻmān (Syria) | |
| 999 |
_c47658 _d47658 |
||